000 00613nam a2200193Ia 4500
003 GCL
008 140319s9999 xx 000 0 ara d
040 _aGCL /
_cGCL
082 0 4 _a296
_bى د
100 1 _aيوسف عيد
245 1 0 _aالديانة اليهودية /
_cيوسف عيد
260 _aبيروت :
_bدار الفكر اللبنانى ،
_c1995
300 _a215 ص ؛
_c24 سم
490 _aموسوعة الاديان السماوية والوضعية
_v5
650 0 4 _aاليهودية
650 0 4 _aاليهود - تاريخ
650 0 4 _aاليهود - حضارة
942 _2ddc
_cBK
999 _c48291
_d48291